<?xml version="1.0" encoding="UTF-8"?>
<collection xmlns="http://www.loc.gov/MARC21/slim">
 <record>
  <leader>     na                 </leader>
  <controlfield tag="001">INLIS000000000000261</controlfield>
  <controlfield tag="005">20250623125441</controlfield>
  <datafield tag="035" ind1=" " ind2=" ">
   <subfield code="a">0010-0625000053</subfield>
  </datafield>
  <controlfield tag="008">250623                           0 ind  </controlfield>
  <datafield tag="245" ind1="1" ind2=" ">
   <subfield code="a">Competing Globally :</subfield>
   <subfield code="b">Sukses Bersaing dengan Negosiasi dan Manajemen Lintas Budaya /</subfield>
   <subfield code="c">Farid Elashmawi</subfield>
  </datafield>
  <datafield tag="100" ind1=" " ind2=" ">
   <subfield code="a">Elashmawi, Farid</subfield>
  </datafield>
  <datafield tag="260" ind1=" " ind2=" ">
   <subfield code="a">Jakarta :</subfield>
   <subfield code="b">Gramedia,</subfield>
   <subfield code="c">2002</subfield>
  </datafield>
  <datafield tag="300" ind1=" " ind2=" ">
   <subfield code="a">378 hlm. ;</subfield>
   <subfield code="c">23 cm.</subfield>
  </datafield>
  <datafield tag="020" ind1=" " ind2=" ">
   <subfield code="a">979-686-981-0</subfield>
  </datafield>
  <datafield tag="084" ind1=" " ind2=" ">
   <subfield code="a">658.049 FLA c</subfield>
  </datafield>
  <datafield tag="082" ind1=" " ind2=" ">
   <subfield code="a">658.049</subfield>
  </datafield>
  <datafield tag="650" ind1=" " ind2="4">
   <subfield code="a">Manajemen Bisnis - Internasional</subfield>
  </datafield>
  <datafield tag="990" ind1=" " ind2=" ">
   <subfield code="a">000000285</subfield>
  </datafield>
 </record>
</collection>
